000 00556nam a22001817a 4500
003 OSt
005 20220107122830.0
008 170731b xxu||||| |||| 00| 0 eng d
040 _cIIITMK
100 _aAlen, R P (92315001)
_912419
245 _aSpatial analysis of accident blackspots in thiruvananthapuram district
300 _aMSC GIS-Main Project
502 _bMSC GIS
_c2015-2017
_dEXT
_eMr Saran M S Scientist, NATPAC
650 _aACCIDENTS
_912420
650 _aHOTSPOT ANALYSIS
_912421
650 _aPRIORITIZATION METHOD
_912422
942 _2ddc
_cPR
999 _c5754
_d5754